| 000 | 01615cam a22004694i 4500 | ||
|---|---|---|---|
| 003 | PE-LiUPU | ||
| 005 | 20250731173507.0 | ||
| 008 | 150616s1993 miu r 000 0 spa d | ||
| 020 | _a0802809227 | ||
| 035 | _a(Sirsi) i9780802809223 | ||
| 040 |
_aPE-LiUPU _bspa _cPE-LiUPU _erda |
||
| 049 | _aPRUA | ||
| 082 | 0 | 4 |
_a227.1077 _bC84 _221 |
| 100 | 1 |
_aCranfield, C.E.B., _eautor. |
|
| 245 | 1 | 3 |
_aLa Epístola a los Romanos / _cC. E. B. Cranfield. |
| 264 | 1 |
_aMichigan : _bWm. B. Eerdmans Publishing Co., _c1993. |
|
| 300 |
_a366 páginas ; _c21 centímetros |
||
| 336 |
_atext _2rdacontent |
||
| 337 |
_aunmediated _2rdamedia |
||
| 338 |
_avolume _2rdacarrier |
||
| 500 | _aVERSION ABREVIADA DE "PG RC 225.077 ic 45/I". | ||
| 505 | 0 | _aAnálisis de la epístola a los Romanos y sus principales mensajes. | |
| 526 | _aSEG42 | ||
| 526 | _aSEG41 | ||
| 526 | _aSEG40 | ||
| 526 | _aSEG39 | ||
| 526 | _aP94 | ||
| 526 | _aP87 | ||
| 526 | _aP86 | ||
| 526 | _aP85 | ||
| 526 | _aP77 | ||
| 526 | _aP76 | ||
| 526 | _aP35 | ||
| 630 |
_aBiblia. _pN.T. _pRomanos _xComentarios. |
||
| 910 |
_ajck _bjvq _cjck |
||
| 942 |
_2ddc _cBOOK |
||
| 949 |
_a227.1077 C84 _wDEWEY _c1 _i40532 _lCCODEBUL1 _mBUL _r0 _sY _tBOOK _u2015-6-16 _xTEOLOGIA _zUNKNOWN _0COMPRA _o.STAFF. Colección General |
||
| 994 |
_aC0 _bPEPRU |
||
| 596 | _a1 | ||
| 999 |
_a227.1077 C84 _wDEWEY _c58321 _i40532 _d58321 _e2018-10-24 _f2021-11-9 _g5 _lCCODEBUL1 _mBUL _n9 _p10.00 _q3 _r0 _sY _tBOOK _u2015-6-16 _xTEOLOGIA _zUNKNOWN _0COMPRA _o.STAFF. Colección Teología |
||
| 980 |
_81 _gALBERTO SANCHEZ Responsable de Automatización |
||